[Event "Challenge"]
[Site "http://www.queenalice.com/game.php?id=496008"]
[Date "2008.11.20"]
[Round "-"]
[White "krewson1967"]
[Black "KLEOJ"]
[Result "1-0"]
[WhiteElo "2137"]
[BlackElo "2044"]

1. d4 f5 2. g3 e6 3. Bg2 Nf6 4. Nf3 Be7 5. O-O O-O 6. c4 d6 7. Nc3 Nbd7 8. Qc2
Qe8 9. Ng5 Nb6 10. d5 e5 11. Ne6 Bxe6 12. dxe6 c6 13. Qxf5 Nxc4 14. b3 Nb6 15.
Bd2 Bd8 16. a4 Nfd5 17. Qg4 Nxc3 18. Bxc3 Rf6 19. Bh3 Nd5 20. Bd2 Ne7 21. Qb4
Nf5 22. Qxb7 Bb6 23. Qd7 Qh5 24. Qxc6 Raf8 25. Bxf5 Rxf5 26. e3 Re8 27. a5 Bd8
28. e4 Rf6 29. Qd7 Rfxe6 30. Qxa7 Qg6 31. Qe3 h5 32. a6 h4 33. a7 hxg3 34. hxg3
d5 35. a8=Q Bb6 36. Qf3 Rf6 37. Qxd5+ Kh7 38. Qh1+ 1-0

[Event "Thnaksgiving!"]
[Site "http://www.queenalice.com/game.php?id=498555"]
[Date "2008.11.26"]
[Round "-"]
[White "krewson1967"]
[Black "attachui"]
[Result "1-0"]
[WhiteElo "2115"]
[BlackElo "2030"]

1. c4 Nf6 2. Nc3 e5 3. Nf3 Nc6 4. g3 d5 5. cxd5 Nxd5 6. Bg2 Be6 7. O-O Qd7 8.
Ng5 Nb6 9. Nxe6 Qxe6 10. Qb3 Qxb3 11. axb3 Bb4 12. Nb5 O-O 13. Bxc6 bxc6 14.
Nxc7 Rac8 15. Na6 Bd6 16. d3 Nd7 17. Be3 c5 18. Rfc1 f5 19. Ra5 f4 20. Bxc5 Bxc5
21. Nxc5 fxg3 22. fxg3 Nf6 23. Rxa7 h5 24. Re7 Rfe8 25. Rxe8+ Nxe8 26. Kg2 g5
27. Rc3 Ra8 28. Nd7 Ra2 29. Rc8 Kf7 30. Nxe5+ 1-0

[Event "USAest2"]
[Site "http://www.queenalice.com/game.php?id=498828"]
[Date "2008.11.26"]
[Round "-"]
[White "krewson1967"]
[Black "Equiferus"]
[Result "1-0"]
[WhiteElo "2105"]
[BlackElo "2049"]

1. e4 c5 2. c3 d5 3. exd5 Qxd5 4. d4 cxd4 5. cxd4 e5 6. Nf3 Bg4 7. Be2 Nc6 8.
Nc3 Bb4 9. O-O Bxc3 10. bxc3 Nf6 11. Nxe5 Bxe2 12. Qxe2 O-O 13. Bf4 Rfe8 14.
Rfe1 Re6 15. Rab1 b5 16. Rxb5 Qd6 17. Qf3 Rae8 18. Rd1 a6 19. Rc5 Nxe5 20. Rxe5
Nd5 21. Rxe6 Qxe6 22. Bd2 Nf6 23. a3 Qa2 24. Bg5 Qe6 25. h3 Ne4 26. Bf4 f5 27.
d5 Qd7 28. c4 g6 29. Rd4 Qg7 30. Qd3 Nc5 31. Qd1 Ne4 32. Rd3 Nc3 33. Qd2 Ne4 34.
Qe2 g5 35. Bxg5 Qxg5 36. Rg3 Nxg3 37. Qxe8+ Kg7 38. Qe5+ 1-0

[Event "Challenge"]
[Site "http://www.queenalice.com/game.php?id=503709"]
[Date "2008.12.6"]
[Round "-"]
[White "pauldavidkrewson"]
[Black "krewson1967"]
[Result "0-1"]
[WhiteElo "1428"]
[BlackElo "2136"]

1. e4 e5 2. d3 Nf6 3. Nf3 Nc6 4. c4 Bc5 5. Nbd2 Ng4 6. Be2 Nxf2 7. Qa4 Nxh1 8.
Nb3 Bf2+ 9. Kd1 d6 10. d4 Bd7 11. d5 Nd4 12. Nbxd4 Bxa4+ 13. Nc2 c6 14. Bd2 cxd5
15. exd5 e4 16. Ne1 O-O 17. b3 Bd7 18. Nd3 exd3 19. Bxd3 Rc8 20. Be3 Qh4 21.
Bxa7 Bxa7 22. Kd2 Qg5+ 23. Kc3 Qe5+ 24. Kb4 Bc5+ 25. Ka5 Ra8# 0-1

[Event "Challenge"]
[Site "http://www.queenalice.com/game.php?id=505747"]
[Date "2008.12.10"]
[Round "-"]
[White "krewson1967"]
[Black "attachui"]
[Result "1-0"]
[WhiteElo "2146"]
[BlackElo "1985"]

1. e4 c5 2. c3 d5 3. exd5 Qxd5 4. d4 Nc6 5. Nf3 Bf5 6. Be3 cxd4 7. Nxd4 Nxd4 8.
Qxd4 Nf6 9. Nd2 a6 10. Qxd5 Nxd5 11. Bd4 f6 12. Bc4 Rd8 13. Bxd5 Rxd5 14. O-O e5
15. Be3 Bc5 16. Nb3 Bxe3 17. fxe3 Bc2 18. c4 Rd3 19. Nc5 Rxe3 20. Kf2 b6 21.
Kxe3 bxc5 22. Rac1 Bg6 23. Rfd1 O-O 24. Rd6 f5 25. Rd5 f4+ 26. Ke2 e4 27. Rf1
f3+ 28. gxf3 exf3+ 29. Rxf3 Rb8 30. Rb3 Rc8 31. Rd7 Re8+ 32. Kf2 h5 33. Rc7 Re5
34. h4 Bf7 35. Rb8+ Re8 36. Rxe8+ Bxe8 37. Rxc5 g6 38. Ra5 1-0

[Event "Challenge"]
[Site "http://www.queenalice.com/game.php?id=505769"]
[Date "2008.12.10"]
[Round "-"]
[White "krewson1967"]
[Black "seoulmama"]
[Result "1/2-1/2"]
[WhiteElo "2138"]
[BlackElo "2110"]

1. e4 e6 2. d4 d5 3. Nd2 Be7 4. Ngf3 Nf6 5. Bd3 c5 6. e5 Nfd7 7. c3 b6 8. Qe2 a5
9. O-O Ba6 10. c4 Nc6 11. cxd5 Bxd3 12. Qxd3 exd5 13. dxc5 Nxc5 14. Qb5 Qd7 15.
Nb3 Nxe5 16. Qxd7+ Ncxd7 17. Nxe5 Nxe5 18. Re1 Ng6 19. Bg5 f6 20. Be3 Rb8 21.
Rad1 a4 22. Nd4 Kf7 23. Nc6 Rbc8 24. Nxe7 Nxe7 25. Bxb6 Rb8 26. Bc5 Rhe8 27. Re2
Nf5 28. Rxe8 Kxe8 29. Ba3 Rb5 30. g4 Nh4 31. f4 Kf7 32. Kf2 Ng6 1/2-1/2

[Event "Challenge"]
[Site "http://www.queenalice.com/game.php?id=506283"]
[Date "2008.12.11"]
[Round "-"]
[White "Ludus"]
[Black "krewson1967"]
[Result "1/2-1/2"]
[WhiteElo "2149"]
[BlackElo "2136"]

1. d4 c5 2. d5 e5 3. e4 d6 4. g3 Be7 5. Nc3 Nf6 6. Bg2 O-O 7. Nf3 b5 8. Nd2 Bg4
9. f3 Bd7 10. O-O c4 11. a3 Na6 12. Ne2 Qc7 13. Kh1 Nc5 14. Re1 a5 15. Nf1 Na4
16. Nc3 Nc5 17. Ne2 Na4 18. Nc3 Nc5 19. Ne2 Na4 20. Nc3 1/2-1/2

[Event "Challenge"]
[Site "http://www.queenalice.com/game.php?id=512618"]
[Date "2008.12.26"]
[Round "-"]
[White "pauldavidkrewson"]
[Black "krewson1967"]
[Result "0-1"]
[WhiteElo "1488"]
[BlackElo "2135"]

1. e4 e5 2. Bc4 Nc6 3. d3 Bc5 4. Nc3 d6 5. Nf3 Nf6 6. Qe2 Bg4 7. Be3 Nd4 8. Qd2
Bxf3 9. Bxd4 exd4 10. gxf3 dxc3 11. Qxc3 O-O 12. O-O-O Bxf2 13. Qd2 Bb6 14. d4
Nh5 15. Rhg1 Qf6 16. Qg5 Bxd4 17. Rg4 Qxg5+ 18. Rxg5 Be3+ 19. Kb1 Bxg5 20. Bd5
Rab8 21. Rg1 Bf4 22. h4 Nf6 23. Bc4 Rbe8 24. Re1 d5 25. Bd3 Nxe4 26. fxe4 dxe4
27. Bxe4 Re5 28. Rf1 Rxe4 29. a3 Bg3 30. b4 Re1+ 31. Rxe1 Bxe1 32. Kb2 Bxh4 0-1

[Event "Challenge"]
[Site "http://www.queenalice.com/game.php?id=513460"]
[Date "2008.12.27"]
[Round "-"]
[White "Chesterton"]
[Black "krewson1967"]
[Result "0-1"]
[WhiteElo "1782"]
[BlackElo "2137"]

1. e4 e5 2. Bc4 Nc6 3. Nf3 Nf6 4. Nc3 Bc5 5. O-O O-O 6. Re1 d6 7. d3 Na5 8. Nd5
Ng4 9. Ne3 Nxc4 10. Nxc4 Nxf2 11. Qe2 Nxd3+ 12. Kh1 Nxe1 13. Nxe1 Qh4 14. Nf3
Qg4 15. Bd2 f5 0-1

[Event "Challenge"]
[Site "http://www.queenalice.com/game.php?id=520592"]
[Date "2009.1.11"]
[Round "-"]
[White "pauldavidkrewson"]
[Black "krewson1967"]
[Result "0-1"]
[WhiteElo "1491"]
[BlackElo "2136"]

1. e4 e5 2. Nf3 d5 3. exd5 e4 4. Ng1 Nf6 5. d3 Qxd5 6. Nc3 Bb4 7. Bd2 Bxc3 8.
Bxc3 Qe6 9. dxe4 Nxe4 10. Be2 Nxc3 11. bxc3 O-O 12. Nf3 Re8 13. Ng1 Qc6 14. Nf3
Qxc3+ 15. Kf1 Nc6 16. Bb5 Bf5 17. Rc1 Rad8 18. Bd3 Bxd3+ 19. Qxd3 Rxd3 20. cxd3
Qxc1+ 0-1

[Event "Challenge"]
[Site "http://www.queenalice.com/game.php?id=533456"]
[Date "2009.2.1"]
[Round "-"]
[White "emyannk2017"]
[Black "krewson1967"]
[Result "1/2-1/2"]
[WhiteElo "1078"]
[BlackElo "2138"]

1. e4 c5 2. Nf3 Nc6 3. Nc3 d6 4. Qe2 Nf6 5. Qb5 Bd7 6. Qa5 Qxa5 7. Bc4 g6 8. Bd5
Nxd5 9. Nxd5 f5 10. Nc7+ Qxc7 11. d3 O-O-O 12. Ng5 Nb4 13. Nf7 Nxc2+ 14. Kd1
Nxa1 15. Nxh8 c4 16. dxc4 Qxc4 17. exf5 Qc2+ 18. Ke1 Qxf5 19. h4 g5 20. h5 Nb3
21. axb3 Bg7 22. Rh4 g4 23. Rh3 Qb1 24. Kd1 g3 25. fxg3 e5 26. Nf7 Qg6 27. Nxd8
Bxh3 28. gxh3 Kxd8 29. Be3 d5 30. Bxa7 e4 31. Bb8 e3 32. Ke1 Qg4 33. hxg4 Bxb2
34. Kd1 e2+ 35. Kxe2 Kc8 36. Bd6 Kd7 37. Bc5 Kc6 38. Bb4 Kb5 39. Bc3 1/2-1/2

[Event "Challenge"]
[Site "http://www.queenalice.com/game.php?id=588093"]
[Date "2009.5.14"]
[Round "-"]
[White "plasticwindow"]
[Black "krewson1967"]
[Result "0-1"]
[WhiteElo "1671"]
[BlackElo "2137"]

1. e4 c5 2. Nf3 Nc6 3. d4 cxd4 4. Nxd4 Nf6 5. Nc3 d6 6. Bc4 e6 7. O-O Be7 8. Be3
O-O 9. Bb3 Bd7 10. f4 Nxd4 11. Bxd4 Bc6 12. Re1 a5 13. a4 Re8 14. e5 dxe5 15.
fxe5 Nd7 16. Ne4 Bxe4 17. Rxe4 Nc5 18. Bxc5 Bxc5+ 19. Kh1 Qxd1+ 20. Rxd1 Red8
21. c3 Rxd1+ 22. Bxd1 Rd8 23. Re1 Rd2 24. b4 axb4 25. cxb4 Bxb4 26. Bf3 Ra2 27.
Rc1 Rxa4 28. Kg1 Ra5 29. Rb1 Bc5+ 30. Kf1 b5 31. Be4 b4 32. Rd1 Bf8 33. Bf3 Rxe5
34. Rd7 Ra5 35. g4 Ra2 0-1

[Event "Challenge"]
[Site "http://www.queenalice.com/game.php?id=658689"]
[Date "2009.9.27"]
[Round "-"]
[White "pauldavidkrewson"]
[Black "krewson1967"]
[Result "0-1"]
[WhiteElo "1580"]
[BlackElo "2124"]

1. e4 c6 2. d3 d5 3. Nf3 dxe4 4. dxe4 Qxd1+ 5. Kxd1 Bg4 6. Be2 Nd7 7. h3 Bh5 8.
g4 Bg6 9. Bd3 O-O-O 10. Ke2 e6 11. Rd1 Nc5 12. Nc3 Nf6 13. Nd2 h6 14. f3 Nxd3
15. cxd3 h5 16. Nf1 hxg4 17. hxg4 Bd6 18. Bg5 Rh3 19. Bxf6 gxf6 20. d4 Bf4 21.
Rd3 Rh1 22. Rad1 f5 23. gxf5 exf5 24. a3 fxe4 25. Nxe4 f5 26. Neg3 Re8+ 27. Kf2
Bxg3+ 28. Nxg3 Rh2+ 29. Kf1 Rxb2 30. d5 f4 31. R1d2 Bxd3+ 0-1

[Event "Challenge #01"]
[Site "http://www.queenalice.com/game.php?id=660031"]
[Date "2009.9.29"]
[Round "-"]
[White "Aylton"]
[Black "krewson1967"]
[Result "1/2-1/2"]
[WhiteElo "1946"]
[BlackElo "2138"]

1. d4 c5 2. e3 Nf6 3. Nf3 g6 4. c4 Bg7 5. Nc3 O-O 6. a3 cxd4 7. exd4 d5 8. h3
Nc6 9. Be3 e6 10. Be2 dxc4 11. Bxc4 Na5 12. Ba2 Nd5 13. Nxd5 exd5 14. b4 Nc4 15.
Bxc4 dxc4 16. O-O Qd5 17. Qe2 Bf5 18. Rfc1 Bd3 19. Qd2 Rfe8 20. Qc3 Rac8 21. Ne1
Be4 22. f3 Bd3 23. Bf2 Be2 24. Ra2 Bh6 25. Rcc2 Bd1 26. Rcb2 Qf5 27. Ra1 Ba4 28.
g4 Qd5 29. Kg2 Bg5 30. Raa2 Bb3 31. Ra1 1/2-1/2

[Event "Challenge #02"]
[Site "http://www.queenalice.com/game.php?id=660032"]
[Date "2009.9.29"]
[Round "-"]
[White "krewson1967"]
[Black "Aylton"]
[Result "1/2-1/2"]
[WhiteElo "2132"]
[BlackElo "1873"]

1. f4 d5 2. Nf3 Nf6 3. e3 e6 4. b3 c5 5. Bb2 Nc6 6. Bb5 Bd7 7. O-O a6 8. Bxc6
Bxc6 9. Ne5 Rc8 10. d3 Be7 11. Nxc6 Rxc6 12. Nd2 O-O 13. a4 h6 14. Be5 Bd6 15.
Qf3 Bxe5 16. fxe5 Nd7 17. Qf4 Qc7 18. Nf3 b5 19. axb5 axb5 20. Qg3 f6 21. exf6
Qxg3 22. hxg3 Rxf6 23. g4 g5 24. Ra8+ Kg7 25. Ra5 b4 26. Ra7 Rf7 27. Nxg5 Rxf1+
28. Kxf1 hxg5 29. Rxd7+ Kf6 30. Ra7 Ke5 31. Ke2 Kf6 32. Kd2 Kg6 33. Rb7 Kf6 34.
Rh7 Kg6 35. Rb7 Kf6 36. Rh7 Kg6 37. Rb7 1/2-1/2

[Event "Challenge"]
[Site "http://www.queenalice.com/game.php?id=667661"]
[Date "2009.10.15"]
[Round "-"]
[White "pauldavidkrewson"]
[Black "krewson1967"]
[Result "0-1"]
[WhiteElo "1580"]
[BlackElo "2125"]

1. e4 e5 2. d3 Nf6 3. Nf3 Nc6 4. Nc3 Be7 5. Be2 O-O 6. O-O d5 7. Nxd5 Nxd5 8.
exd5 Qxd5 9. c4 Qd6 10. b3 Bf5 11. Bb2 Rad8 12. Qd2 e4 13. Ne1 exd3 14. Nxd3
Bxd3 15. Bxd3 Qxd3 16. Qxd3 Rxd3 17. Rfd1 Rfd8 18. h3 Rxd1+ 19. Rxd1 Rxd1+ 0-1

[Event "Challenge"]
[Site "http://www.queenalice.com/game.php?id=676496"]
[Date "2009.11.2"]
[Round "-"]
[White "krewson1967"]
[Black "pauldavidkrewson"]
[Result "1-0"]
[WhiteElo "2127"]
[BlackElo "1631"]

1. c4 Nf6 2. g3 g6 3. Bg2 Bg7 4. Nc3 O-O 5. Nf3 c5 6. O-O Nc6 7. d4 d5 8. cxd5
cxd4 9. Nxd4 Nxd5 10. Nxc6 bxc6 11. Nxd5 cxd5 12. Bxd5 Rb8 13. Bb3 Bb7 14. Re1
e6 15. e4 Qd4 16. Qxd4 Bxd4 17. g4 Rbe8 18. Rd1 e5 19. Bh6 Bxe4 20. Rd2 Rd8 21.
Bxf8 Kxf8 22. Rc1 Ke7 23. Rc7+ Rd7 24. Rxd7+ Kxd7 25. Bxf7 Ke7 26. Bc4 Kf6 27.
Kf1 Kg5 28. Be6 Kf4 29. b4 Bh1 30. a3 Kf3 31. Bd5+ Kxg4 32. Bxh1 Kf4 33. Ke2 h5
34. Rd3 g5 35. Rf3+ Kg4 36. Bg2 1-0

[Event "Challenge"]
[Site "http://www.queenalice.com/game.php?id=683697"]
[Date "2009.11.15"]
[Round "-"]
[White "pauldavidkrewson"]
[Black "krewson1967"]
[Result "0-1"]
[WhiteElo "1654"]
[BlackElo "2128"]

1. e4 e5 2. Nf3 Nf6 3. Bd3 Nc6 4. O-O Bc5 5. Nc3 d6 6. Bc4 O-O 7. d3 Na5 8. Bg5
Nxc4 9. Qe2 Nb6 10. Nd5 Nbxd5 11. exd5 h6 12. Bxf6 Qxf6 13. Rfe1 Bg4 14. h3 Bf5
15. c3 a5 16. Rad1 Bd7 17. c4 Bf5 18. b3 a4 19. g4 Bd7 20. d4 exd4 21. h4 Rfe8
22. Qd3 Bxg4 23. Kg2 Re3 24. Rxe3 dxe3 25. Kg3 Qxf3+ 0-1